| 000 | 00000nam##2200000za#4500 |
| 001 | 9.572116 |
| 003 | CaOODSP |
| 005 | 20220111083045 |
| 007 | cr ||||||||||| |
| 008 | 150406|1990||||xxc|||||o f|0| 0 eng|d |
| 022 | |a1928-6414 |
| 040 | |aCaOODSP|beng |
| 043 | |an-cn--- |
| 086 | 1 |aNE22-1/1990-1E-PDF |
| 110 | 1 |aCanada. |bNational Energy Board. |
| 245 | 10|aInformation on gas supply required to be provided by TransCanada PipeLines Limited in support of its 1991/92 and 1992/93 facililties application |h[electronic resource] |
| 246 | 1 |iVariant title : |aTransCanada PipeLines Limited |
| 260 | |aOttawa - Ontario : |bNational Energy Board |cJanuary 1990. |
| 300 | |a29p. |
| 490 | 1 |aReasons for decision |x1928-6414|vGHW-3-89 |
| 500 | |aThe catalogue number (NE22-1/1990-1E) and ISBN (0-662-17538-7) for the print edition have been incorrectly copied in this electronic publication. |
| 590 | |a12-04-Supp|b2012-02-20 |
| 775 | 08|tMotifs de décision relativement à renseignements, sur l'approvisionnement en gaz, que TransCanada PipeLines Limited doit fournir à l'appui de sa demande visant les installations de 1991/92 et 1992/93 |w(CaOODSP)9.602528 |
| 830 | #0|aReasons for decision (Canada. National Energy Board)|x1928-6414|vGHW-3-89|w(CaOODSP)9.504480 |
| 856 | 40|ahttp://publications.gc.ca|qPDF|s50 KB|uhttps://publications.gc.ca/collections/Collection/NE22-1-1990-1E.pdf|yGHW-3-89 |